Southville International School and Colleges
Your cart is empty.
  • Cart
  • Lists
    Public lists Eva Luna New books Lux_list list_1
    Your lists Log in to create your own lists
  • Log in to your account
  • Your cookies
  • Search history
Southville International School and Colleges
  • Advanced search
  • Recent comments
  • Most popular
  • Libraries

Log in to your account

Log in with GOOGLE


If you do not have an external account, but do have a local account, you can still log in:

  1. Home
  2. MARC view: Building things /
Normal view MARC view ISBD view

Building things / (Record no. 11973)

[ view plain ]
MARC details
000 -LEADER
fixed length control field 00837nam a22002537a 4500
003 - CONTROL NUMBER IDENTIFIER
control field OSt
005 - DATE AND TIME OF LATEST TRANSACTION
control field 20140310182330.0
008 - FIXED-LENGTH DATA ELEMENTS--GENERAL INFORMATION
fixed length control field 130924t xxu||||| |||| 00| 0 eng d
020 ## - INTERNATIONAL STANDARD BOOK NUMBER
International Standard Book Number 0751649155
050 ## - LIBRARY OF CONGRESS CALL NUMBER
Classification number TA 403.2
Item number .Ev88 1993
082 ## - DEWEY DECIMAL CLASSIFICATION NUMBER
Classification number GS 620.11
Item number Ev1 1993
100 ## - MAIN ENTRY--PERSONAL NAME
Personal name Evans, David
9 (RLIN) 2759
245 ## - TITLE STATEMENT
Title Building things /
Statement of responsibility, etc David Evans.
260 ## - PUBLICATION, DISTRIBUTION, ETC. (IMPRINT)
Place of publication, distribution, etc London :
Name of publisher, distributor, etc Dorling Kindersley Education,
Date of publication, distribution, etc 1993.
300 ## - PHYSICAL DESCRIPTION
Extent 29 p. :
Other physical details col. ill. ;
Dimensions 27 cm.
440 ## - SERIES STATEMENT/ADDED ENTRY--TITLE
Title Let's explore science
9 (RLIN) 21399
500 ## - GENERAL NOTE
General note Includes index.
650 ## - SUBJECT ADDED ENTRY--TOPICAL TERM
Topical term or geographic name as entry element Materials
General subdivision Juvenile literature.
9 (RLIN) 21400
650 ## - SUBJECT ADDED ENTRY--TOPICAL TERM
Topical term or geographic name as entry element 2. Materials
General subdivision Experiments
-- Juvenile literature.
9 (RLIN) 21401
650 ## - SUBJECT ADDED ENTRY--TOPICAL TERM
Topical term or geographic name as entry element Engineering
General subdivision Juvenile literature.
9 (RLIN) 21402
650 ## - SUBJECT ADDED ENTRY--TOPICAL TERM
Topical term or geographic name as entry element Engineering
General subdivision Experiments
-- Juvenile literature.
9 (RLIN) 21403
942 ## - ADDED ENTRY ELEMENTS (KOHA)
Source of classification or shelving scheme Library of Congress Classification
Koha item type
Holdings
Withdrawn status Lost status Source of classification or shelving scheme Damaged status Home library Current library Shelving location Date acquired Total Checkouts Full call number Barcode Date last seen Copy number Price effective from Koha item type
    Library of Congress Classification   Luxembourg Library Luxembourg Library Grade School Section 09/24/2013   TA 403.2 .Ev88 1993 14493 02/11/2015 1 09/24/2013 Books

Building things /

APA

Evans D., . (1993). Building things. London: Dorling Kindersley Education.

Chicago

Evans David, . 1993. Building things. London: Dorling Kindersley Education.

Harvard

Evans D., . (1993). Building things. London: Dorling Kindersley Education.

MLA

Evans David, . Building things. London: Dorling Kindersley Education. 1993.

  • Place hold
  • Print
  • Cite
  • Add to your cart (remove)
  • Save record
    BIBTEX Dublin Core MARCXML MARC (non-Unicode/MARC-8) MARC (Unicode/UTF-8) MARC (Unicode/UTF-8, Standard) MODS (XML) RIS
  • More searches
    Search for this title in:
    Other Libraries (WorldCat) Other Databases (Google Scholar) Online Stores (Bookfinder.com) Open Library (openlibrary.org)

Exporting to Dublin Core...

SOUTHVILLE LIBRARY

Southville International School and Colleges Library

1281 Tropical Ave. Cor. Luxembourg St., BF Homes International, Las Pinas City

Tel. No. 8256374 / 252358 Loc. 117/146

Powered by Koha